|
|
|
|
| LEADER |
01007nam a2200265 4500 |
| 001 |
c000171995 |
| 003 |
CARM |
| 005 |
19980812135858.0 |
| 008 |
780126s1954 gw a 000 0 ger |
| 010 |
|
|
|a 54028520
|
| 019 |
1 |
|
|a 22539792
|z 57755944
|5 LACONCORD2021
|
| 035 |
|
|
|a (OCoLC)3583342
|5 LACONCORD2021
|
| 040 |
|
|
|a DLC
|b eng
|c CCC
|d NN
|d VU
|
| 050 |
0 |
0 |
|a GA145
|b .S35
|
| 100 |
1 |
|
|a Schuster, Matthäus,
|d 1881-1953.
|
| 245 |
1 |
4 |
|a Das geographische und geologische Blockbild, eine Einführung in dessen Erzeichnung /
|c Prof. Dr. Habil. Matthäus Schuster.
|
| 260 |
|
|
|a Berlin :
|b Akademie-Verlag,
|c 1954.
|
| 300 |
|
|
|a xv, 222 p.
|b ill. ;
|c 25 cm.
|
| 504 |
|
|
|a Bibliography: p. [217]-222.
|
| 650 |
|
0 |
|a Block diagrams.
|
| 650 |
|
0 |
|a Modeling.
|
| 650 |
|
0 |
|a Relief models.
|
| 852 |
8 |
|
|b CARM
|h A2:AN22E0
|i C06137
|p 0227405
|f BK
|
| 999 |
f |
f |
|i 909db466-21b5-5877-b504-0934b0470270
|s 0cbf92b6-77c7-588e-95a6-9379db967392
|
| 952 |
f |
f |
|p Can circulate
|a CAVAL
|b CAVAL
|c CAVAL
|d CARM 1 Store
|e C06137
|f A2:AN22E0
|h Other scheme
|i book
|m 0227405
|